Loading...
Literature - World Literature | 0 | 3 | 0 | 2 | 30 | 51 | 78.33 | 1 | 1 |
History - American History | 0 | 3 | 0 | 2 | 30 | 69 | 88.33 | 0 | 0 |
History - World History | 0 | 2 | 0 | 2 | 20 | 108 | 113.00 | 0 | 0 |
History - European History | 0 | 1 | 0 | 0 | 10 | 40 | 40.00 | 0 | 1 |
Fine Arts - Other Fine Arts | 0 | 1 | 0 | 1 | 10 | 96 | 96.00 | 0 | 0 |
Pop Culture | 0 | 1 | 1 | 0 | 5 | 25 | 25.00 | 1 | 1 |
Science - Chemistry | 0 | 0 | 1 | 0 | -5 | 0.00 | 0 | 0 | |
Geography | 0 | 0 | 1 | 0 | -5 | 0.00 | 0 | 0 | |
History - Other History | 0 | 0 | 1 | 0 | -5 | 0.00 | 0 | 0 | |
Painting/Sculpture | 0 | 0 | 2 | 0 | -10 | 0.00 | 0 | 0 | |
Current Events | 0 | 0 | 2 | 0 | -10 | 0.00 | 0 | 0 |